UBT Library

Orthopedic assessment and treatment of the geriatric patient / (Record no. 44259)

000 -LEADER
fixed length control field 00732cam a2200241 a 4500
001 - CONTROL NUMBER
control field 3925468
005 - DATE AND TIME OF LATEST TRANSACTION
control field 20180307034632.0
008 - FIXED-LENGTH DATA ELEMENTS--GENERAL INFORMATION
fixed length control field 921120s1993 moua b 001 0 eng c
010 ## - LIBRARY OF CONGRESS CONTROL NUMBER
LC control number 92048210
020 ## - INTERNATIONAL STANDARD BOOK NUMBER
International Standard Book Number 0801665124
040 ## - CATALOGING SOURCE
Original cataloging agency DNLM/DLC
Transcribing agency DLC
Modifying agency DLC
041 ## - LANGUAGE CODE
Language code of text/sound track or separate title eng
060 ## - NATIONAL LIBRARY OF MEDICINE CALL NUMBER
Classification number WE 168 O7624
080 ## - UNIVERSAL DECIMAL CLASSIFICATION NUMBER
Universal Decimal Classification number 617.3/00846 car
082 00 - DEWEY DECIMAL CLASSIFICATION NUMBER
Classification number 617.3/00846 car
Edition number 20
100 ## - Rafti
Rafti 8
101 ## - Shkurtesa
Shkurtesa ort
245 00 - TITLE STATEMENT
Title Orthopedic assessment and treatment of the geriatric patient /
Statement of responsibility, etc [edited by] Carole B. Lewis, Karen A. Knortz.
504 ## - BIBLIOGRAPHY, ETC. NOTE
Bibliography, etc Includes bibliographical references and index.
906 ## - LOCAL DATA ELEMENT F, LDF (RLIN)
a 7
b cbc
c orignew
d 1
e ocip
f 19
g y-gencatlg
942 ## - ADDED ENTRY ELEMENTS (KOHA)
Source of classification or shelving scheme
Item type Books
Holdings
Withdrawn status Lost status Source of classification or shelving scheme Damaged status Not for loan Collection code Permanent location Current location Shelving location Date acquired Total Checkouts Full call number Barcode Date last seen Price effective from Koha item type
          Koleksioni i përgjithshem UBT - Lipjan UBT - Lipjan Koleksioni i përgjithshem 03/07/2018   617.3/00846 car 002-3001050 03/07/2018 03/07/2018 Books
UBT Library © 2015-2024. All rights reserved University Education for Business and Technology